[Event "Lichtenberger Sommer 2024"]
[Site "Berlin"]
[Date "2024.08.12"]
[Round "3.72"]
[White "Albrecht, Constantin"]
[Black "Bastian, Reinhard"]
[Result "1-0"]
[WhiteElo "1667"]
[BlackElo "1803"]
[PlyCount "93"]
[EventDate "2024.08.10"]
[WhiteTeam "SV Empor Berlin e.V."]
[BlackTeam "vereinslos"]

1. f4 e5 2. fxe5 d6 3. exd6 Bxd6 4. Nf3 g5 5. g3 g4 6. Nh4 Ne7 7. d4 Ng6 8.
Nxg6 hxg6 9. Bg2 Rxh2 10. Qd3 Rxh1+ 11. Bxh1 c6 12. Nc3 Be6 13. Bd2 Qc7 14. Ne4
Nd7 15. Nxd6+ Qxd6 16. c4 O-O-O 17. O-O-O Re8 18. Bf4 Qb4 19. b3 Qa3+ 20. Kb1
Nf6 21. e4 Bd7 22. Ka1 Nh5 23. d5 Nxf4 24. gxf4 cxd5 25. cxd5 a5 26. Qc3+ Kb8
27. Rc1 Rc8 28. Qe5+ Ka8 29. Rxc8+ Bxc8 30. Qc7 Bd7 31. Kb1 Qe7 32. d6 Qe8 33.
Qxa5+ Kb8 34. Qc7+ Ka7 35. e5 Bf5+ 36. Kb2 Qc8 37. Qa5+ Kb8 38. Qd2 Qd7 39. a4
Be6 40. Ka3 Qc8 41. Be4 Qc5+ 42. Kb2 Qb6 43. Bd5 Kc8 44. Qc2+ Kd7 45. Bxe6+
Kxe6 46. Qc8+ Kd5 47. Qc4# 1-0

[Event "Lichtenberger Sommer 2024"]
[Site "Berlin"]
[Date "2024.08.12"]
[Round "3.73"]
[White "Rauscher, Joachim"]
[Black "Oortmann, Alexis Miles"]
[Result "1/2-1/2"]
[WhiteElo "1803"]
[BlackElo "1676"]
[PlyCount "123"]
[EventDate "2024.08.10"]
[WhiteTeam "SC Brett vorm Kopp Ffm"]
[BlackTeam "SSV Rotation Berlin e.V."]

1. e4 c5 2. Nf3 g6 3. d4 cxd4 4. Nxd4 Nf6 5. Nc3 d6 6. f3 Bg7 7. Be3 O-O 8. Qd2
d5 9. e5 Ne8 10. f4 f6 11. Nf3 e6 12. O-O-O Nc6 13. Bc5 Rf7 14. Bd4 Nxd4 15.
Qxd4 a6 16. g4 fxe5 17. Nxe5 Rf8 18. h4 Qf6 19. Ne2 Nd6 20. g5 Qd8 21. Ng3 Bd7
22. h5 Nf5 23. Nxf5 Rxf5 24. hxg6 hxg6 25. Re1 Qa5 26. Re3 Raf8 27. Qd2 Qxd2+
28. Kxd2 Bxe5 29. Rxe5 Rxe5 30. fxe5 Rf5 31. Bd3 Rxe5 32. Rg1 Be8 33. Kc3 Re3
34. Kd4 Rh3 35. Ke5 Bf7 36. Rg4 Re3+ 37. Kd4 Re1 38. Kc3 e5 39. Kd2 Rh1 40. Rb4
b5 41. a4 Rh2+ 42. Kc1 e4 43. Bxe4 dxe4 44. Rxe4 Bc4 45. b3 Bf1 46. Re6 bxa4
47. Rxg6+ Kh7 48. Rh6+ Rxh6 49. gxh6 axb3 50. cxb3 Kxh6 51. Kb2 Kg5 52. Ka1 Kf4
53. Kb2 Ke3 54. Kb1 Kd2 55. Ka1 Bd3 56. Ka2 Kc3 57. Ka1 Bc2 58. Ka2 Bxb3+ 59.
Ka1 a5 60. Kb1 a4 61. Ka1 a3 62. Kb1 1/2-1/2

[Event "Lichtenberger Sommer 2024"]
[Site "Berlin"]
[Date "2024.08.12"]
[Round "3.74"]
[White "Stein, Siegfried"]
[Black "Ahmadov, Ahmad"]
[Result "1/2-1/2"]
[WhiteElo "1783"]
[BlackElo "1620"]
[PlyCount "124"]
[EventDate "2024.08.10"]
[WhiteTeam "SV Berolina Mitte e.V."]
[BlackTeam "SV Empor Berlin e.V."]

1. e4 c5 2. Nf3 e6 3. c3 Nc6 4. d4 cxd4 5. cxd4 Nf6 6. Nc3 Bb4 7. Bd3 d5 8. e5
Ne4 9. Qc2 Qa5 10. O-O Nxc3 11. bxc3 Bxc3 12. Bb2 Bxb2 13. Qxb2 O-O 14. Rab1
Qc7 15. Rfc1 a6 16. Qe2 Bd7 17. h4 Qd8 18. Rxb7 Bc8 19. Rb3 Bd7 20. Bxa6 Qa5
21. Bb7 Rab8 22. Bxc6 Rxb3 23. axb3 Rc8 24. Qb2 Rxc6 25. Rxc6 Bxc6 26. b4 Qb6
27. Qc3 Kf8 28. Qc5+ Qxc5 29. bxc5 Ke7 30. Nd2 Kd7 31. f4 Ba4 32. Kf2 Kc6 33.
Ke3 Bc2 34. g4 g6 35. Nf3 h6 36. Kd2 Bb3 37. g5 h5 38. Kc3 Bd1 39. Nd2 Kb5 40.
Nb1 Ba4 41. Na3+ Ka5 42. Nc2 Bxc2 43. Kxc2 Ka6 44. Kc3 Kb7 45. Kb4 Kc6 46. Ka5
Kc7 47. Kb5 Kb7 48. c6+ Kc8 49. Kb4 Kb8 50. Kb5 Kc8 51. Kb4 Kb8 52. Kb5 Kc8 53.
Kb6 Kb8 54. c7+ Kc8 55. Kb5 Kb7 56. c8=Q+ Kxc8 57. Kc6 Kd8 58. Kd6 Ke8 59. Kc6
Kd8 60. Kd6 Ke8 61. Kc7 Ke7 62. Kc8 Ke8 1/2-1/2

[Event "Lichtenberger Sommer 2024"]
[Site "Berlin"]
[Date "2024.08.12"]
[Round "3.75"]
[White "Wahner, Eberhard"]
[Black "Ali, Maha"]
[Result "0-1"]
[WhiteElo "1775"]
[BlackElo "1527"]
[PlyCount "102"]
[EventDate "2024.08.10"]
[WhiteTeam "SC Eintracht Berlin e.V."]
[BlackTeam "SC Kreuzberg e.V."]

1. c4 e6 2. g3 d5 3. Bg2 Nf6 4. b3 Bd6 5. Bb2 Nbd7 6. e3 O-O 7. Ne2 Qe7 8. O-O
c6 9. Nbc3 Nb6 10. cxd5 exd5 11. h3 Bf5 12. d3 Qe6 13. Nd4 Qd7 14. Nxf5 Qxf5
15. Re1 h6 16. e4 dxe4 17. dxe4 Qc5 18. Kf1 Rad8 19. Qe2 Be5 20. Rac1 Qe7 21.
Qc2 Nh5 22. Ne2 Bxb2 23. Qxb2 Qg5 24. Qc3 Qd2 25. Qe5 Nf6 26. a4 Rd7 27. g4
Rfd8 28. Nf4 g5 29. Qxf6 gxf4 30. Qxh6 f3 31. g5 fxg2+ 32. Kxg2 Rd6 33. Qh5 Rg6
34. Kh2 Qxg5 35. Qxg5 Rxg5 36. Rg1 Rg7 37. Rxg7+ Kxg7 38. Rc3 Rd4 39. f3 Nd7
40. Kg3 Ne5 41. Kf4 Rd3 42. Rxd3 Nxd3+ 43. Kf5 Nc5 44. h4 Nxb3 45. Kg5 Nd4 46.
f4 c5 47. h5 c4 48. h6+ Kg8 49. Kf6 c3 50. h7+ Kxh7 51. Kxf7 c2 0-1

[Event "Lichtenberger Sommer 2024"]
[Site "Berlin"]
[Date "2024.08.12"]
[Round "3.76"]
[White "Meister, Alexander"]
[Black "Lippert, Marc"]
[Result "1-0"]
[WhiteElo "1925"]
[BlackElo "1450"]
[PlyCount "119"]
[EventDate "2024.08.10"]
[WhiteTeam "vereinslos"]
[BlackTeam "SVG Läufer Reinickendorf e.V."]

1. d4 Nf6 2. Nf3 g6 3. g3 Bg7 4. Bg2 d5 5. O-O O-O 6. c4 c5 7. cxd5 Nxd5 8.
dxc5 Nc6 9. e4 Nf6 10. Nc3 Qa5 11. Be3 Nd7 12. Na4 b5 13. cxb6 axb6 14. Nc3
Nde5 15. Qb3 Rb8 16. Nd2 b5 17. a3 Rd8 18. Qc2 Nd4 19. Bxd4 Rxd4 20. Nb3 Qd8
21. Nxd4 Qxd4 22. Rfd1 Qb6 23. Nd5 Qe6 24. Qc5 Rb7 25. Nc7 Qc6 26. Rd8+ Bf8 27.
Qxc6 Nxc6 28. Rxc8 Na7 29. Rxf8+ Kxf8 30. Nd5 Rd7 31. Rc1 e6 32. Rc7 Rxc7 33.
Nxc7 Ke7 34. e5 Kd7 35. Na6 Nc6 36. Bxc6+ Kxc6 37. f4 Kd5 38. Kf2 Kd4 39. Nc7
Kc4 40. Nxb5 Kxb5 41. b3 h6 42. h4 h5 43. Ke3 Kc5 44. Kd3 Kd5 45. b4 g5 46.
hxg5 Kc6 47. Kc4 Kb6 48. a4 Kc6 49. a5 Kb7 50. b5 Kc7 51. Kc5 Kb7 52. Kd6 h4
53. gxh4 Ka7 54. h5 f6 55. gxf6 Kb8 56. h6 Kb7 57. h7 Kc8 58. h8=Q+ Kb7 59.
Qh7+ Ka8 60. Kc6 1-0

[Event "Lichtenberger Sommer 2024"]
[Site "Berlin"]
[Date "2024.08.12"]
[Round "3.77"]
[White "Lippianowski, Stefan"]
[Black "Schacht, Thomas"]
[Result "0-1"]
[WhiteElo "1427"]
[BlackElo "1704"]
[PlyCount "40"]
[EventDate "2024.08.10"]
[WhiteTeam "SV Mattnetz Berlin e.V."]
[BlackTeam "BSV 63 Chemie Weißensee"]

1. e4 c5 2. Bc4 e6 3. Ne2 Nc6 4. Nbc3 Nf6 5. d4 Nxe4 6. d5 Nxc3 7. Nxc3 Ne5 8.
Bb5 a6 9. dxe6 axb5 10. exf7+ Nxf7 11. O-O Be7 12. Nxb5 O-O 13. Qg4 d5 14. Qg3
b6 15. Bh6 Nxh6 16. Rad1 Ba6 17. Nc7 Bd6 18. Ne6 Bxg3 19. Nxd8 Bxf1 20. Ne6 Rf6
0-1

[Event "Lichtenberger Sommer 2024"]
[Site "Berlin"]
[Date "2024.08.12"]
[Round "3.78"]
[White "Zesewitz, Marco"]
[Black "Schneider, Eckehard"]
[Result "1-0"]
[WhiteElo "1689"]
[BlackElo "1863"]
[PlyCount "31"]
[EventDate "2024.08.10"]
[WhiteTeam "SV SF Friedrichshagen"]
[BlackTeam "SF Berlin 1903 e.V."]

1. e4 e6 2. d4 d5 3. exd5 exd5 4. Nf3 Bd6 5. Bd3 Ne7 6. O-O O-O 7. Nc3 c6 8.
Re1 Bg4 9. Bxh7+ Kh8 10. Bd3 Nd7 11. h3 Bf5 12. Rxe7 Bxd3 13. Rxd7 Qxd7 14.
Qxd3 Rae8 15. Be3 f6 16. Nh4 1-0

[Event "Lichtenberger Sommer 2024"]
[Site "Berlin"]
[Date "2024.08.12"]
[Round "3.79"]
[White "Varazi, Maxime"]
[Black "Kopbauer, René"]
[Result "1-0"]
[WhiteElo "1689"]
[BlackElo "1832"]
[PlyCount "39"]
[EventDate "2024.08.10"]
[WhiteTeam "SV Empor Berlin e.V."]
[BlackTeam "TSG Oberschöneweide e.V."]

1. e4 e5 2. Nf3 Nc6 3. d4 exd4 4. Bc4 h6 5. Nxd4 Nxd4 6. Qxd4 d6 7. O-O Qf6 8.
Qd3 Be7 9. Nc3 Be6 10. Bxe6 fxe6 11. Qb5+ Kd8 12. Qxb7 Rc8 13. Qxa7 g5 14. Be3
Qg6 15. f3 Rh7 16. Nb5 Kd7 17. Bb6 Bd8 18. Rad1 Kc6 19. Rxd6+ cxd6 20. Nd4# 1-0

[Event "Lichtenberger Sommer 2024"]
[Site "Berlin"]
[Date "2024.08.12"]
[Round "3.80"]
[White "Kaplan, Arne"]
[Black "Schmitz, Christopher"]
[Result "1-0"]
[WhiteElo "1687"]
[BlackElo "1817"]
[PlyCount "65"]
[EventDate "2024.08.10"]
[WhiteTeam "Barnimer SF im SV Sta"]
[BlackTeam "TSG Oberschöneweide e.V."]

1. e4 c6 2. d4 d5 3. Nc3 dxe4 4. Nxe4 Nf6 5. Nxf6+ exf6 6. c3 Bd6 7. Bd3 O-O 8.
Qc2 Re8+ 9. Ne2 h5 10. O-O h4 11. h3 Qc7 12. Bd2 Nd7 13. Rae1 Nf8 14. f4 c5 15.
Qc1 c4 16. Bb1 b5 17. f5 Bb7 18. Bf4 Re7 19. Bxd6 Qxd6 20. Nf4 Rae8 21. Rxe7
Rxe7 22. Qd2 Nh7 23. Qf2 Be4 24. Bxe4 Rxe4 25. Qxh4 g6 26. fxg6 fxg6 27. Qh6 f5
28. Qxg6+ Qxg6 29. Nxg6 Re2 30. Rf2 Re1+ 31. Kh2 Ng5 32. Rxf5 Ne4 33. Rxb5 1-0

[Event "Lichtenberger Sommer 2024"]
[Site "Berlin"]
[Date "2024.08.12"]
[Round "3.81"]
[White "Berndt, Ronson"]
[Black "Luetzenberg, Fabian"]
[Result "1-0"]
[WhiteElo "1813"]
[BlackElo "1680"]
[PlyCount "89"]
[EventDate "2024.08.10"]
[WhiteTeam "SC Borussia Lichtenberg"]
[BlackTeam "vereinslos"]

1. e4 c5 2. Nf3 e6 3. d4 cxd4 4. Nxd4 Nc6 5. Nc3 Bc5 6. Be3 Bb4 7. a3 Bxc3+ 8.
bxc3 Nge7 9. Be2 d5 10. exd5 Nxd5 11. Qd2 O-O 12. O-O Bd7 13. Rfd1 Qa5 14. Nxc6
Bxc6 15. Bd4 Ne7 16. f3 Rfd8 17. Qe1 Nf5 18. Qf2 Nxd4 19. cxd4 Qc3 20. Bd3 g6
21. Bf1 Rd5 22. Qd2 Qxd2 23. Rxd2 Rc8 24. c4 Ra5 25. Kf2 Kf8 26. Ke3 Ke7 27.
Bd3 b5 28. cxb5 Bxb5 29. Bxb5 Rxb5 30. Raa2 Kd6 31. a4 Rb4 32. a5 Kd5 33. a6
Rcc4 34. Ra5+ Kd6 35. d5 Rb3+ 36. Kf2 exd5 37. Raxd5+ Ke6 38. Rd6+ Ke7 39. Rd7+
Kf8 40. Rxa7 Ra4 41. Rb7 Rba3 42. Rdd7 h5 43. Rxf7+ Ke8 44. Rh7 Ra2+ 45. Kg3
1-0

[Event "Lichtenberger Sommer 2024"]
[Site "Berlin"]
[Date "2024.08.12"]
[Round "3.82"]
[White "Küster, Finn"]
[Black "Becker, Werner"]
[Result "0-1"]
[WhiteElo "1679"]
[BlackElo "1788"]
[PlyCount "104"]
[EventDate "2024.08.10"]
[WhiteTeam "Spandauer SV e.V."]
[BlackTeam "SC Rochade e.V."]

1. Nf3 d5 2. e3 Nf6 3. c4 e6 4. Nc3 Be7 5. b3 b6 6. Bb2 Bb7 7. Qc2 Nbd7 8. Be2
O-O 9. h4 h6 10. g4 Nxg4 11. Rg1 f5 12. O-O-O Bf6 13. Nb5 a6 14. Nbd4 Qe7 15.
Rg3 c5 16. Nxf5 exf5 17. Rdg1 Bxb2+ 18. Qxb2 Qf6 19. Nh2 Qxb2+ 20. Kxb2 Rf7 21.
cxd5 Bxd5 22. e4 Nxh2 23. exd5 Ng4 24. f3 Ngf6 25. d6 Nd5 26. f4 N7f6 27. d4
cxd4 28. Bc4 b5 29. Bxd5 Nxd5 30. Rd3 Nxf4 31. Rf3 Ne6 32. Rc1 Rd8 33. Rc6 Rfd7
34. Rxa6 Rxd6 35. Rxd6 Rxd6 36. Rxf5 d3 37. Kc1 Nd4 38. Rf1 Ra6 39. Kd2 Rxa2+
40. Kxd3 Nxb3 41. Kc3 Nd2 42. Rd1 Nf3 43. h5 Rh2 44. Rd5 Ng5 45. Rxb5 Rxh5 46.
Kd3 Rh4 47. Ke3 Kf7 48. Rb6 Ne6 49. Kf3 Kf6 50. Kg3 g5 51. Rb8 h5 52. Rb6 Rd4
0-1

[Event "Lichtenberger Sommer 2024"]
[Site "Berlin"]
[Date "2024.08.12"]
[Round "3.83"]
[White "Zussner, Tim"]
[Black "Buehring, Stefan"]
[Result "1/2-1/2"]
[WhiteElo "1679"]
[BlackElo "1780"]
[PlyCount "65"]
[EventDate "2024.08.10"]

1. d4 d5 2. c4 c6 3. Nc3 Nf6 4. Bf4 dxc4 5. e3 b5 6. a4 Qb6 7. axb5 cxb5 8. b3
Be6 9. bxc4 Bxc4 10. Bxc4 bxc4 11. Rb1 Qa5 12. Qd2 Nbd7 13. Nb5 Qxd2+ 14. Kxd2
Nd5 15. Bg3 a6 16. Nc7+ Nxc7 17. Bxc7 Nf6 18. f3 e6 19. Ba5 Ba3 20. Ne2 O-O 21.
Bb4 Bxb4+ 22. Rxb4 Rfc8 23. Rc1 Kf8 24. Rbxc4 Rxc4 25. Rxc4 Ke7 26. e4 Kd7 27.
Nc3 Rc8 28. Rxc8 Kxc8 29. Kd3 Kc7 30. Kc4 Kc6 31. d5+ exd5+ 32. exd5+ Kc7 33.
Kc5 1/2-1/2

[Event "Lichtenberger Sommer 2024"]
[Site "Berlin"]
[Date "2024.08.12"]
[Round "3.84"]
[White "Pruner, Ulf"]
[Black "Vaz da Cruz, Vinicius"]
[Result "1-0"]
[WhiteElo "1676"]
[BlackElo "1768"]
[PlyCount "81"]
[EventDate "2024.08.10"]
[WhiteTeam "SF Berlin 1903 e.V."]
[BlackTeam "SSV Rotation Berlin e.V."]

1. b4 d5 2. Bb2 Bf5 3. e3 e6 4. Nf3 Nf6 5. a3 Bd6 6. Be2 O-O 7. Nh4 Bg6 8. Nxg6
fxg6 9. c4 c6 10. c5 Bc7 11. Nc3 Nbd7 12. d4 e5 13. g3 Qe7 14. O-O e4 15. a4 h5
16. h4 Nh7 17. Kg2 Ndf6 18. Rh1 Ng4 19. Bxg4 hxg4 20. Qxg4 Qf7 21. Raf1 Nf6 22.
Qe2 Qd7 23. Nd1 Rf7 24. Bc3 Qe6 25. Rh3 Kf8 26. Rfh1 Ke7 27. b5 a6 28. b6 Bd8
29. Rf1 Kd7 30. Rhh1 Be7 31. a5 Raf8 32. Be1 Ng4 33. h5 Rf3 34. hxg6 Qxg6 35.
Rh3 Qf7 36. Rfh1 Bg5 37. Rh8 Rxh8 38. Rxh8 Bh6 39. Rb8 Ke6 40. Rc8 Kd7 41. Rc7+
1-0

[Event "Lichtenberger Sommer 2024"]
[Site "Berlin"]
[Date "2024.08.12"]
[Round "3.85"]
[White "Geiß, Anne"]
[Black "Ollek, Karl-Heinz"]
[Result "1/2-1/2"]
[WhiteElo "1669"]
[BlackElo "1763"]
[PlyCount "52"]
[EventDate "2024.08.10"]
[WhiteTeam "SC Kreuzberg e.V."]
[BlackTeam "SC Friesen Lichtenberg e.V."]

1. e4 c5 2. Nf3 Nc6 3. Bb5 g6 4. Bxc6 bxc6 5. O-O Bg7 6. d3 d6 7. Nbd2 Nf6 8.
Re1 O-O 9. h3 Nd7 10. c4 a5 11. a4 Rb8 12. Qc2 Qb6 13. Rb1 h6 14. b3 Qd8 15.
Bb2 e5 16. Nf1 f5 17. exf5 Rxf5 18. Ng3 Rxf3 19. gxf3 Nf8 20. Kg2 Qh4 21. Rh1
Ne6 22. Bc1 Nf4+ 23. Bxf4 exf4 24. Ne4 Be5 25. Qd2 Rb4 26. Qe2 Kg7 1/2-1/2

[Event "Lichtenberger Sommer 2024"]
[Site "Berlin"]
[Date "2024.08.12"]
[Round "3.86"]
[White "Grassnickel, Lutz"]
[Black "Koerber, Bernhard"]
[Result "1-0"]
[WhiteElo "1757"]
[BlackElo "1662"]
[PlyCount "107"]
[EventDate "2024.08.10"]
[WhiteTeam "Schach Nienberge 2003 e. V."]
[BlackTeam "SG Lasker Steglitz"]

1. d4 Nf6 2. Nc3 d5 3. Bf4 c6 4. e3 g6 5. Nf3 Bg4 6. h3 Bf5 7. Ne5 Bg7 8. f3
Nbd7 9. Qd2 O-O 10. O-O-O Nxe5 11. Bxe5 Nd7 12. Bxg7 Kxg7 13. g4 Be6 14. g5 b5
15. h4 a5 16. Ne2 Nb6 17. Nf4 Bf5 18. Bd3 Bxd3 19. Qxd3 Nc4 20. h5 Qd6 21. Rh4
Qb4 22. Qb3 Qxb3 23. cxb3 Nxe3 24. Rd2 Nf5 25. h6+ Kg8 26. Rh1 Rac8 27. Kb1 e6
28. Rc1 Rc7 29. Nh3 b4 30. Nf2 Rfc8 31. Rc5 Ra7 32. Ng4 Nd6 33. Rdc2 Ra6 34.
Ne5 Kf8 35. Rxc6 Raxc6 36. Rxc6 Rxc6 37. Nxc6 Nf5 38. a4 Ke8 39. Kc2 Kd7 40.
Ne5+ Ke7 41. Kd3 f6 42. Nc6+ Kf7 43. f4 Nd6 44. Nxa5 fxg5 45. fxg5 Ne4 46. Nc6
Ke8 47. Nxb4 Kd7 48. Ke3 Nxg5 49. Nd3 Nf7 50. Ne5+ Nxe5 51. dxe5 g5 52. b4 Kc7
53. b5 g4 54. Kf4 1-0

[Event "Lichtenberger Sommer 2024"]
[Site "Berlin"]
[Date "2024.08.12"]
[Round "3.87"]
[White "Ruddat, Mathias"]
[Black "Bashirova, Sona"]
[Result "1-0"]
[WhiteElo "1744"]
[BlackElo "1652"]
[PlyCount "103"]
[EventDate "2024.08.10"]
[WhiteTeam "TSG Oberschöneweide e.V."]
[BlackTeam "SV Empor Berlin e.V."]

1. e4 c5 2. Nc3 Nc6 3. f4 d6 4. Bc4 Nf6 5. Nf3 g6 6. O-O Bg7 7. d3 O-O 8. Qe1
a6 9. a4 Bg4 10. f5 gxf5 11. exf5 Bxf5 12. Nh4 Bd7 13. Qg3 Kh8 14. Nf5 Bxf5 15.
Rxf5 Nd4 16. Rf2 d5 17. Rxf6 Bxf6 18. Bxd5 Nxc2 19. Be4 Bxc3 20. bxc3 Nxa1 21.
Bxh7 Rg8 22. Qh3 Qb6 23. Be4+ Kg7 24. Qh7+ Kf6 25. Qf5+ Kg7 26. Qh7+ Kf8 27.
Bh6+ Qxh6 28. Qxh6+ Ke8 29. Bxb7 Rb8 30. Qc6+ Kf8 31. Qc7 Re8 32. Bc6 f6 33.
Bxe8 Kxe8 34. Qxc5 Nc2 35. Qc8+ Kf7 36. Qxa6 Ne3 37. g3 Rd8 38. d4 Nd5 39. Qd3
Kg7 40. c4 Nb4 41. Qc3 Nc6 42. d5 Ne5 43. a5 Ra8 44. c5 Rc8 45. a6 Nd7 46. c6
Nb6 47. Qc5 Na8 48. Qxe7+ Kg6 49. Qe4+ Kh6 50. Qe6 Nb6 51. Qe3+ Kg7 52. Qxb6
1-0

[Event "Lichtenberger Sommer 2024"]
[Site "Berlin"]
[Date "2024.08.12"]
[Round "3.88"]
[White "Liu, Peilin"]
[Black "Fiedler, Ronald"]
[Result "1/2-1/2"]
[WhiteElo "1608"]
[BlackElo "1736"]
[PlyCount "48"]
[EventDate "2024.08.10"]
[WhiteTeam "SVG Saarbrücken 1970 e.V."]
[BlackTeam "SVG Läufer Reinickendorf e.V."]

1. e4 c5 2. Nf3 e6 3. d4 cxd4 4. Nxd4 Nc6 5. Nc3 Qc7 6. Be3 Be7 7. Qd2 a6 8.
O-O-O Nf6 9. f3 b5 10. g4 b4 11. Nce2 Ne5 12. Ng3 Nc4 13. Bxc4 Qxc4 14. h4 Qxa2
15. Nb3 O-O 16. g5 Ne8 17. h5 f5 18. exf5 Nd6 19. Qd4 Nxf5 20. Nxf5 Rxf5 21. h6
Bf8 22. Rh3 g6 23. Bf4 Rd5 24. Qf6 Rf5 1/2-1/2

[Event "Lichtenberger Sommer 2024"]
[Site "Berlin"]
[Date "2024.08.12"]
[Round "3.89"]
[White "Kellner, Rene"]
[Black "Dittrich, Hans-Jürgen"]
[Result "1-0"]
[WhiteElo "1734"]
[BlackElo "1573"]
[PlyCount "79"]
[EventDate "2024.08.10"]
[WhiteTeam "Potsdamer SV Mitte e.V."]
[BlackTeam "SC Eintracht Berlin e.V."]

1. c4 g6 2. Nc3 Bg7 3. g3 Nc6 4. Bg2 Rb8 5. e4 d6 6. Nge2 Nd4 7. Nxd4 Bxd4 8.
O-O c6 9. d3 Nf6 10. Bh6 Ng4 11. Qd2 Qb6 12. h3 Nxh6 13. Qxh6 Qxb2 14. Nb5 cxb5
15. Rab1 Qxa2 16. Rxb5 Bd7 17. Rbb1 Bc6 18. Rbd1 b6 19. Rd2 Qa5 20. Kh2 Qh5 21.
Qf4 O-O 22. Ra2 a5 23. Qc1 f5 24. f4 e5 25. fxe5 Bxe5 26. Bf3 Qh4 27. Rg2 fxe4
28. dxe4 Bxe4 29. Bxe4 Rxf1 30. Qxf1 Rf8 31. Bd5+ Kg7 32. Qe1 Rf3 33. Qxe5+ Qf6
34. Qe8 Rf2 35. Qb8 Rb2 36. Qc7+ Kh6 37. Rxb2 Qxb2+ 38. Bg2 a4 39. Qxd6 a3 40.
Qf8+ 1-0

[Event "Lichtenberger Sommer 2024"]
[Site "Berlin"]
[Date "2024.08.12"]
[Round "3.90"]
[White "Müller, Leon"]
[Black "Giehl, Juergen"]
[Result "0-1"]
[WhiteElo "1550"]
[BlackElo "1728"]
[PlyCount "83"]
[EventDate "2024.08.10"]
[WhiteTeam "SV Mattnetz Berlin e.V."]
[BlackTeam "SV Multatuli Ingelheim e.V."]

1. d4 d5 2. Nf3 Nf6 3. Bf4 e6 4. e3 Bd6 5. Bg3 O-O 6. Bd3 b6 7. Ne5 Bb7 8. Nd2
c5 9. c3 Nc6 10. f4 Rc8 11. Bh4 Be7 12. g4 cxd4 13. exd4 Nxe5 14. fxe5 Ne4 15.
Bxe7 Qxe7 16. O-O f6 17. exf6 Rxf6 18. Rxf6 Qxf6 19. Bxe4 dxe4 20. Qe2 Qg6 21.
Re1 e3 22. Nf1 Qe4 23. Ng3 Qd5 24. a3 Rf8 25. Rf1 Re8 26. Qc2 e5 27. dxe5 Rxe5
28. Rd1 Qc6 29. Qb3+ Re6 30. Qc2 e2 31. Rd8+ Kf7 32. Qf5+ Rf6 33. Qh5+ Ke7 34.
Re8+ Qxe8 35. Nf5+ Rxf5 36. Qh4+ Kf8 37. Qe1 Rf1+ 38. Qxf1+ exf1=Q+ 39. Kxf1
Qe3 40. h3 Bf3 41. b4 Qe2+ 42. Kg1 0-1

[Event "Lichtenberger Sommer 2024"]
[Site "Berlin"]
[Date "2024.08.12"]
[Round "3.91"]
[White "Romanotto, Leonardo"]
[Black "Abobreik, Salem"]
[Result "1-0"]
[WhiteElo "1499"]
[BlackElo "1725"]
[PlyCount "47"]
[EventDate "2024.08.10"]

1. e4 c6 2. Nc3 d5 3. Nf3 Bg4 4. h3 Bxf3 5. gxf3 e6 6. d4 Bb4 7. Bd2 Ne7 8. Qe2
Nd7 9. O-O-O Qc7 10. Rg1 g6 11. Re1 O-O-O 12. Kb1 c5 13. Nb5 Qb6 14. Bxb4 cxb4
15. e5 Nf5 16. Rg5 a6 17. Rxf5 gxf5 18. Nd6+ Kb8 19. Nxf7 Qxd4 20. Nxh8 Rxh8
21. Qe3 Qc5 22. Bd3 Rg8 23. Qh6 Nxe5 24. Qxe6 1-0